Roadside (Record no. 71224)

MARC details
000 -LEADER
fixed length control field 00992cam a2200205 4500
001 - CONTROL NUMBER
control field ABS65997
008 - FIXED-LENGTH DATA ELEMENTS--GENERAL INFORMATION
fixed length control field 020925n2002 000 0 eng u
035 ## - SYSTEM CONTROL NUMBER
System control number (Sirsi) u119844
100 ## - MAIN ENTRY--PERSONAL NAME
Personal name Eade, C.
245 ## - TITLE STATEMENT
Title Roadside
260 ## - PUBLICATION, DISTRIBUTION, ETC.
Date of publication, distribution, etc. 2002
490 ## - SERIES STATEMENT
Series statement Property Week
Volume/sequential designation 67(31) 9 August 2002, 33-44(6)
520 ## - SUMMARY, ETC.
Summary, etc. Special report on properties specific to roadsides. "The death of the rural petrol pump" highlights how the closure of thousands of petrol stations has meant many motorists face a long journey to the nearest petrol pumps. However, housebuilders and car showrooms have taken advantage of this situation. Graph. "Kwik change" questions the future of the fast-fit sector, when Ford bought Kwik-fit for £1bn in 1999, and sold it for £350m.
590 ## - LOCAL NOTE (RLIN)
Local note ABS
650 ## - SUBJECT ADDED ENTRY--TOPICAL TERM
Topical term or geographic name entry element PROPERTY-INFRASTRUCTURE-TRANSPORT INFRASTRUCTURE-ROAD INFRASTRUCTURE
650 ## - SUBJECT ADDED ENTRY--TOPICAL TERM
Topical term or geographic name entry element PETROL FILLING STATIONS
650 ## - SUBJECT ADDED ENTRY--TOPICAL TERM
Topical term or geographic name entry element CAR REPAIR WORKSHOP
690 ## - LOCAL SUBJECT ADDED ENTRY--TOPICAL TERM (OCLC, RLIN)
Topical term or geographic name as entry element TRANSPORT AND COMMUNICATIONS
942 ## - ADDED ENTRY ELEMENTS (KOHA)
Suppress in OPAC 0
Holdings
Withdrawn status Lost status Source of classification or shelving scheme Damaged status Not for loan Home library Current library Shelving location Date acquired Total Checkouts Full call number Barcode Date last seen Copy number Price effective from Koha item type
    Dewey Decimal Classification     London London Journal article 25/09/2002   ABS65997 119844-1001 06/08/2019 1 06/08/2019 Journal article